00433 2200169 4500001002100000005001500021035002000036245006600056100001800122250000600140300003500146260003400181082000800215084001400223600001400237990001200251INLIS00000000000265120250826125304 a0010-08250000121 a1700 Bank Soal :bBimbingan Pemantapan Kimia /cBudiman Anwar0 aBudiman Anwar a1 a304 hlm :bIlust ;c18 x 25 cm aBandung :bYrama Widya,c2005 a540 a540 BUD s 4aBank Soal a0713899